| 000 | 00911cam a2200253 a 4500 | ||
|---|---|---|---|
| 001 | 000005450 | ||
| 005 | 20200929151701.0 | ||
| 008 | 990129s1998 sp a b 000|p spa | ||
| 020 | _a8437616891 | ||
| 040 |
_aDO-SdBNP _cDLC _dDLC |
||
| 082 |
_a861.6 _bG751b |
||
| 100 | 1 |
_aGrande, Félix, _d1937- _915483 |
|
| 245 | 1 | 0 |
_aBlanco spirituals : _blas rubáiyátas de Horacio Martín / _cFélix Grande ; edición de Manuel Rico. |
| 260 |
_aMadrid : _bCátedra, _c1998. |
||
| 300 |
_a285 p. : _bil. ; _c18 cm. |
||
| 490 | 1 |
_aLetras hispánicas _vno. 446 |
|
| 504 | _aIncluye referencias bibliográficas (p. 97-106). | ||
| 600 | 1 | 0 |
_aGRANDE FÉLIX _d1937- _xCRÍTICA E INTERPRETACIÓN _915484 |
| 650 | 4 |
_aPoesía española _9631 |
|
| 650 | 4 |
_aLiteratura española _9632 |
|
| 700 | 1 |
_aRico Rego, Manuel, _d1952- _eed. _915485 |
|
| 830 | 0 |
_aLetras hispánicas ; _vno. 446 _94208 |
|
| 910 |
_aCatalogación por copia / LC _bWM |
||
| 999 |
_c5250 _d5250 |
||